书目信息 |
| 题名: |
“工程防水”哲学思考
|
|
| 作者: | 张婵 , 陈春荣 编著 | |
| 分册: | ||
| 出版信息: | 上海 同济大学出版社 2020.12 |
|
| 页数: | 304页 | |
| 开本: | 26cm | |
| 丛书名: | ||
| 单 册: | ||
| 中图分类: | TU57 , TU | |
| 科图分类: | ||
| 主题词: | 建筑防水--建筑哲学--文集 | |
| 电子资源: | ||
| ISBN: | 978-7-5608-9483-6 | |
| 000 | 00863nam0 2200253 45 | |
| 001 | 012001001601 | |
| 005 | 20140914133928.0 | |
| 010 | @a978-7-5608-9483-6@dCNY98.00 | |
| 100 | @a20210313d2020 em y0chiy50 ea | |
| 101 | 0 | @achi |
| 102 | @aCN@b310000 | |
| 105 | @aa z 000yy | |
| 106 | @ar | |
| 200 | 1 | @a“工程防水”哲学思考@A“gong cheng fang shui”zhe xue si kao@b专著@f张婵,陈春荣编著 |
| 210 | @a上海@c同济大学出版社@d2020.12 | |
| 215 | @a304页@c图,照片@d26cm | |
| 330 | @a本书共31章,以综合篇、研究篇、实践篇、改革探索篇为分野,就当前建筑防水工程中诸多热点问题,提供了新的观点和解决方案。 | |
| 606 | 0 | @a建筑防水@x建筑哲学@j文集 |
| 690 | @aTU57@v5 | |
| 690 | @aTU@v5 | |
| 701 | 0 | @a张婵@Azhang chan@c(女,@f1981-)@4编著 |
| 701 | 0 | @a陈春荣@Achen chun rong@f(1983-)@4编著 |
| 801 | 0 | @aCN@bBJSDL@c20211011 |
| 905 | @b1336477-80@dTU57@e1963@f4 | |
| “工程防水”哲学思考/张婵,陈春荣编著.-上海:同济大学出版社,2020.12 |
| 304页:图,照片;26cm |
| ISBN 978-7-5608-9483-6:CNY98.00 |
| 本书共31章,以综合篇、研究篇、实践篇、改革探索篇为分野,就当前建筑防水工程中诸多热点问题,提供了新的观点和解决方案。 |
| ● |
| 相关链接 |
|
|
|
|
正题名:"工程防水"哲学思考
索取号:TU57/1963
 
预约/预借
| 序号 | 登录号 | 条形码 | 馆藏地/架位号 | 状态 | 备注 |
| 1 | 1336477 | 213364777 | 第二样本阅览室/ [索取号:TU57/1963] | 在馆 | |
| 2 | 1336478 | 213364786 | 第三借阅区/ [索取号:TU57/1963] | 在馆 | |
| 3 | 1336479 | 213364795 | 第三借阅区/ [索取号:TU57/1963] | 在馆 | |
| 4 | 1336480 | 213364802 | 第三借阅区/ [索取号:TU57/1963] | 在馆 |